000 00263nam a2200121Ia 4500
008 190216s9999||||xx |||||||||||||| ||und||
100 _aJames Hemming
245 4 _aThe Pony Cart
260 _bLongmans
_c1962
300 _a47p
650 _aSpeeches
942 _cBK
999 _c11764
_d11764